Szczegóły MARC21

Erst- und Zweitspracherwerb /

003 -Nazwa inst., której nr kontr. jest w polu 001 [,]
    • @
    • Nazwa instytucji, której n kontrolny jest w polu 001
    • NUKAT
005 -DATA I CZAS OSTATNIEJ MODYFIKACJI [,]
    • @
    • pole kontrolne
    • 20241231100958.0
020 -Międzynarod. znormalizowany nr książki - ISBN [ , ]
    • a
    • Numer ISBN
    • 9783825232818 Find
040 -Instytucja sporządzająca opis [ , ]
    • a
    • Instytucja, która sporządziła opis (NP)
    • SZCZ U/ML
    • c
    • Instytucja, która sporządziła rekord (NP)
    • SZCZ U/ML
    • d
    • Instytucja, która zmodyfikowała rekord (P)
    • SZCZ U/KP
942 -Rodzaj dokumentu [ , ]
    • c
    • Rodzaj dokumentu
    • Książka
100 -Hasło główne - nazwa osobowa [1, ]
    • a
    • Nazwa osobowa (NP)
    • Bickes, Hans.
    • 9
    • KHW
    • 414645
245 -Strefa tytułu i oznaczenia odpowiedzialności [1,0]
    • a
    • Tytuł
    • Erst- und Zweitspracherwerb / Find
    • c
    • Pozostałe elementy strefy tytułu i oznaczenia odpowiedzialności (NP)
    • Hans Bickes, Ute Pauli.
260 -Strefa adresu wydawniczego [ , ]
    • a
    • Miejsce wydania (P)
    • Paderborn :
    • b
    • Nazwa wydawcy (P)
    • Wilhelm Fink,
    • c
    • Data wydania (P)
    • cop. 2009.
300 -Strefa opisu fizycznego [ , ]
    • a
    • Określenie formy książki i/lub objętość (NP)
    • 120 s. :
    • b
    • Oznaczenie ilustracji (NP)
    • il. ;
    • c
    • Format (NP)
    • 22 cm.
336 -Typ zawartości [ , ]
    • a
    • Termin opisujący typ zawartości
    • Tekst
    • b
    • Kod określający zawartość
    • txt
    • 2
    • Źródło (terminu i kodu)
    • rdacontent
337 -Typ mediów [ , ]
    • a
    • Tryb odtwarzania
    • Bez urządzenia pośredniczącego
    • b
    • Kod typu mediów
    • n
    • 2
    • Źródło (terminu i kodu)
    • rdamedia
338 -Typ/rodzaj nośnika [ , ]
    • a
    • Hasło opisujące typ nośnika
    • Wolumin
    • b
    • Kod typu nośnika
    • nc
    • 2
    • Źródło (terminu i kodu)
    • rdacarrier
490 -Strefa serii i książki wielotomowej - forma nie do wyszukiwania [1, ]
    • a
    • Tytuł (P)
    • UTB ; Find
    • v
    • Numeracja (P)
    • 3281
490 -Strefa serii i książki wielotomowej - forma nie do wyszukiwania [1, ]
    • a
    • Tytuł (P)
    • LIBAC - Linguistik für Bachelor Find
830 -Hasło dodatkowe serii i opisu książki wielotomowej - tytuł ujednolicony/tytuł [ ,0]
    • a
    • Tytuł ujednolicony/tytuł (NP)
    • UTB Uni-Taschenbücher
    • x
    • ISSN
    • 0340-7225
    • v
    • Oznaczenie tomu (NP)
    • 3281
    • 9
    • KHW
    • 15685
830 -Hasło dodatkowe serii i opisu książki wielotomowej - tytuł ujednolicony/tytuł [ ,0]
    • a
    • Tytuł ujednolicony/tytuł (NP)
    • LIBAC - Linguistik für Bachelor
    • 9
    • KHW
    • 67761
500 -Uwaga ogólna [ , ]
    • a
    • Uwaga ogólna (NP)
    • Na 4 s. okł.: UTB Sprachwissenschaft.
500 -Uwaga ogólna [ , ]
    • a
    • Uwaga ogólna (NP)
    • Wyd. z jednym numerem ISBN.
504 -Uwaga dot. bibliogr. załącznikowej [ , ]
    • a
    • Uwaga dot. bibliografii załącznikowej
    • Bibliogr. s. 108-115. Indeks.
650 -Hasło przedmiotowe [ ,7]
    • a
    • Hasło przedmiotowe
    • Opanowywanie drugiego języka
    • x
    • Określnik rzeczowy
    • badania.
    • 2
    • Źródło terminu
    • kaba
    • 9
    • KHW
    • 414766
650 -Hasło przedmiotowe [ ,7]
    • a
    • Hasło przedmiotowe
    • Język niemiecki
    • x
    • Określnik rzeczowy
    • studia i nauczanie
    • x
    • Określnik rzeczowy
    • obcojęzyczni.
    • 2
    • Źródło terminu
    • kaba
    • 9
    • KHW
    • 356855
650 -Hasło przedmiotowe [ ,7]
    • a
    • Hasło przedmiotowe
    • Dwujęzyczność u dzieci
    • z
    • Określnik geograficzny
    • Niemcy.
    • 2
    • Źródło terminu
    • kaba
    • 9
    • KHW
    • 414767
700 -Hasło dodatkowe - nazwa osobowa [1, ]
    • a
    • Nazwa osobowa (NP)
    • Pauli, Ute. Find
    • 9
    • KHW
    • 414646
920 -ISBN [ , ]
    • a
    • ISBN
    • 978-3-8252-3281-8 Find
Sygnatura Status udost. Lokalizacja Data inwentaryzacji Numer inwentarzowy
GERM. Dydaktyka jęz. obcych 101BM2017-04-10G.19059